| 000 | 01765nam a2200409Ii 4500 | ||
|---|---|---|---|
| 001 | DIGIDPC0021 | ||
| 003 | NyNyDIG | ||
| 008 | 231009s2021 ck o ob 000 0 spa d | ||
| 006 | m o d | ||
| 007 | cr ||||||||||| | ||
| 035 | _a(OCoLC)1402839508 | ||
| 040 |
_aDGITA _beng _erda _epn _cDGITA |
||
| 043 | _as-ck--- | ||
| 020 | _z9789585375802 | ||
| 050 | 1 | 4 | _aSB484.C35 ebook |
| 100 | 1 |
_aReina Mendoza, Sandra, _d1971- _eauthor. |
|
| 245 | 1 | 0 |
_aCoser con un río : _bEl Parque Nacional Olaya Herrera en Bogotá / _cSandra Reina Mendoza ; fotografías, Camilo Rodríguez [and 13 others]. |
| 264 | 1 |
_a[Bogotá, Colombia] : _b[Instituto Distrital de Patrimonio Cultural], _c[2021] |
|
| 300 |
_a1 online resource : _bphotographs. |
||
| 336 |
_atext _btxt _2rdacontent |
||
| 337 |
_acomputer _bc _2rdamedia |
||
| 338 |
_aonline resource _bcr _2rdacarrier |
||
| 347 |
_atext file _2rdaft |
||
| 347 | _bPDF | ||
| 504 | _aIncludes bibliographical references. | ||
| 588 | 0 | _aOnline resource; title from PDF title page (Digitalia, viewed October 9, 2023) | |
| 650 | 0 |
_aNational parks and reserves _xPlanning _zColombia _zBogotá. |
|
| 650 | 0 |
_aCity planning _xHistory _zColombia _zBogotá. |
|
| 651 | 0 |
_aParque Nacional Olaya Herrera (Bogotá, Colombia) _xHistory. |
|
| 700 | 1 |
_aRodríguez, Camilo, _ephotograph. |
|
| 791 | 2 |
_aDigitalia (Firm), _edistributor. |
|
| 793 | 0 |
_gDigitalia eBook Collection: _aInstituto Distrital de Patrimonio Cultural |
|
| 776 | 0 | 8 |
_iPrint version: _aReina Mendoza, Sandra, 1971- _tCoser con un río. _d[Bogotá, Colombia] : [Instituto Distrital de Patrimonio Cultural], [2021] _z9789585375802 |
| 856 | 4 | 0 |
_3Digitalia Hispánica _uhttps://www.digitaliapublishing.com/a/129618/ |
| 910 | _aPremium collection: 2023 | ||
| 942 | _cRAA | ||
| 999 |
_c280427 _d280427 |
||